Generation Z: The New Challenge for Managers
Základné charakteristiky prichádzajúcej novej generácie - generácie Z na pracovný trh. Odborníci varujú, že táto generácia bude potrebovať oveľa sofistikovanejší manažment ako predchádzajúce generácie. Vplyv veľkej finančnej krízy v r.2008 na jej formovanie.
Saved in:
| Main Author: | |
|---|---|
| Other Authors: | |
| Format: | Book Chapter |
| Language: | English |
| Subjects: | |
| Tags: |
No Tags, Be the first to tag this record!
|
MARC
| LEADER | 00000nla a2200000 4500 | ||
|---|---|---|---|
| 001 | 0240197 | ||
| 005 | 20240524071328.1 | ||
| 041 | 0 | |a eng | |
| 044 | |a SK | ||
| 245 | 1 | 0 | |a Generation Z: The New Challenge for Managers |c Kristína Kováčiková, Monika Jančovičová |
| 520 | |a Základné charakteristiky prichádzajúcej novej generácie - generácie Z na pracovný trh. Odborníci varujú, že táto generácia bude potrebovať oveľa sofistikovanejší manažment ako predchádzajúce generácie. Vplyv veľkej finančnej krízy v r.2008 na jej formovanie. | ||
| 610 | 2 | 0 | |a sociológia |
| 610 | 2 | 0 | |a štruktúra sociálna |
| 610 | 2 | 0 | |a generácie |
| 610 | 2 | 0 | |a trh práce |
| 610 | 2 | 0 | |a zamestnanci |
| 610 | 2 | 0 | |a personalistika |
| 610 | 2 | 0 | |a manažment personálny |
| 100 | 1 | |a Kováčiková, Kristína | |
| 700 | 1 | |a Jančovičová, Monika, 1991- | |